000 00517cam a2200205ua 4500
001 7042
005 20260515114139.0
008 141120n ii |||gr||||Z||||||eng
020 _a9788123758749
040 _cMAIN
041 _aeng
082 _a320
100 _aSingh, Neerja,
_eEditor.
245 1 0 _aNehru- Patel :
_bAgreement within differences /
_cEdited by Neerja Singh .
250 _a1st.
260 _aNew Delhi:
_bNational book,
_c2010.
300 _axvi,373p.
653 _aNehru Views
942 _cBK
999 _c6174
_d6174